000 00418nam a2200181Ia 4500
001 11548
005 20260306162836.0
008 260306t1994||||xx |||||||||||||| ||spa||
041 _aESP
082 _a985.074
_bC36
100 _aCateriano Bellido, Pedro
_eAUT
245 0 _aEl caso García
260 _c1994
300 _a331 páginas :
_c21cm.
650 _aGEN
654 _aCHU
942 _cLIB
_dJUS
_fJUS
_2ddc
_n
999 _c11548
_d11548